| 000 | 00689cam a22002292 4500 | ||
|---|---|---|---|
| 001 | 0000018715 | ||
| 005 | 20151217154420.0 | ||
| 008 | 100609s xx 000 0 eng d | ||
| 020 | _a8175341357 : | ||
| 040 |
_aKABU _cKABU |
||
| 100 | 1 |
_aStone, Julius. _@0000178041 |
|
| 245 | 1 | 0 |
_aSocial dimensions of law and justice / _cby Julius Stone. |
| 250 | _a1st ed. | ||
| 260 |
_aDelhi : _bUniversal Law, _c1966. |
||
| 300 | _axxxv, 933 p. | ||
| 650 | 0 |
_aSociological jurisprudence. _@0000153285 |
|
| 650 | 0 |
_aLaw _xHistory. _@0000178042 |
|
| 650 | 0 |
_aTrade regulations. _@0000178043 |
|
| 852 | 1 | _9p1600 KES | |
| 908 | _a100609 | ||
| 950 | _@1 | ||
| 999 |
_c11161 _d11161 |
||